Rồng hoa hổ ấn.
Na minha lista:
| Formato: | Sách giấy |
|---|---|
| Idioma: | Vietnamese |
| Publicado em: |
H. :
Thời đại,
2009.
|
| Assuntos: | |
| Tags: |
Adicionar Tag
Sem tags, seja o primeiro a adicionar uma tag!
|
| Thư viện lưu trữ: | Thư viện Trường Đại học Đà Lạt |
|---|
| LEADER | 01177nam a2200349 4500 | ||
|---|---|---|---|
| 001 | DLU100109295 | ||
| 005 | ##20100622 | ||
| 040 | # | # | |a DLU |b vie |
| 041 | # | # | |a vie |
| 044 | # | # | |a vn |
| 082 | # | # | |a 330.951 |b Ron |
| 245 | # | # | |a Rồng hoa hổ ấn. |
| 260 | # | # | |a H. : |b Thời đại, |c 2009. |
| 300 | # | # | |a 407 tr. ; |c 24 cm. |
| 504 | # | # | |a Tài liệu tham khảo: tr. 403. |
| 505 | # | # | |a Dẫn nhập -- Tổ hợp Ấn - Hoa trỗi dậy -- Mô hình toàn cầu mới -- Mô hình doanh nghiệp mới -- Các siêu thị trường mới -- Lao tới -- Sự thách thức trong lãnh vực tài chính -- Chương trình hành động xã hội -- Sự thách thức về mặt sinh thái học và năng lượng -- Sự thách thức cạnh tranh mới. |
| 653 | # | # | |a Điều kiện kinh tế |
| 653 | # | # | |a Ấn độ |
| 653 | # | # | |a Chính sách kinh tế |
| 653 | # | # | |a Toàn cầu hoá kinh tế |
| 653 | # | # | |a Trung Quốc |
| 923 | # | # | |a 05/2010 |
| 991 | # | # | |a SH |
| 992 | # | # | |a 85000 |
| 994 | # | # | |a DLU |
| 900 | # | # | |a True |
| 911 | # | # | |a Đào Thị Thu Huyền |
| 925 | # | # | |a G |
| 926 | # | # | |a A |
| 927 | # | # | |a SH |
| 980 | # | # | |a Thư viện Trường Đại học Đà Lạt |